| 000 | 01531nam a2200433 i 4500 | ||
|---|---|---|---|
| 001 | 19930 | ||
| 003 | KOSZ 005 | ||
| 005 | 20200525103150.0 | ||
| 008 | 000114s1980 pl a f |001 0 pol | ||
| 015 | _aPB 1981/7553 | ||
| 020 | _a8301017899 | ||
| 040 |
_aWA N _cWA N _dKOSZ 005/HR |
||
| 041 | 0 | _apol | |
| 046 | _k1980 | ||
| 080 | _a624.046 | ||
| 100 | 1 |
_aGryboś, Ryszard _d(1931- ) _eAutor |
|
| 245 | 1 | 0 |
_aStateczność konstrukcji pod obciążeniem uderzeniowym / _cRyszard Gryboś ; Polska Akademia Nauk, Instytut Podstawowych Problemów Techniki. |
| 260 |
_aWarszawa ; _aPoznań : _bPaństwowe Wydawawnictwo Naukowe, _c1980. |
||
| 300 |
_a424 s. : _bil., tab., wykr., err. ; _c24 cm. |
||
| 336 |
_2rdacontent _aTekst _btxt |
||
| 337 |
_2rdamedia _aBez urządzenia pośredniczącego _bn |
||
| 338 |
_2rdacarrier _aWolumin _bnc |
||
| 380 | _aKsiążki | ||
| 380 | _aPublikacje naukowe | ||
| 388 | _a1901-2000 | ||
| 388 | _a1945-1989 | ||
| 490 | 1 | _aBiblioteka Mechaniki Stosowanej. | |
| 504 | _aBibliogr. s. 395-419. - Indeks. | ||
| 650 | 4 | _aKonstrukcje | |
| 650 | 4 | _aMechanika | |
| 650 | 4 | _aStateczność | |
| 650 | 4 | _aObciążenie (fizyka) | |
| 658 | _aArchitektura i budownictwo | ||
| 658 | _aInżynieria i technika | ||
| 710 | 2 |
_aPaństwowe Wydawnictwo Naukowe _4pbl |
|
| 830 | 0 | _aBiblioteka Mechaniki Stosowanej | |
| 856 |
_uhttp://koha.tu.koszalin.pl/cgi-bin/koha/opac-detail.pl?biblionumber=19930 _yKatalog online BPK |
||
| 942 |
_2UKD _cKS |
||
| 999 |
_c19930 _d19930 |
||